Don Jaime I y el obispo de Girona (Record no. 165584)

MARC details
000 -LEADER
campo de control de longitud fija 00713nam a22002055i 4500
001 - NÚMERO DE CONTROL
campo de control 165584
003 - IDENTIFICADOR DE NÚMERO DE CONTROL
campo de control ES-MaACL
005 - FECHA Y HORA DE LA ÚLTIMA TRANSACCIÓN
campo de control 20230906213152.0
008 - DATOS DE LONGITUD FIJA--INFORMACIÓN GENERAL
campo de control de longitud fija 991221s1855 sp |||| | spa d
040 ## - FUENTE DE CATALOGACIÓN
Centro catalogador/agencia de origen CCPB | B
Lengua de catalogación spa
Centro/agencia transcriptor CCPB | B
100 1# - ENTRADA PRINCIPAL--NOMBRE DE PERSONA
Nombre de persona Sota, Pío de la (
Fechas asociadas al nombre m. 1893)
9 (RLIN) 132838
245 10 - MENCIÓN DEL TÍTULO
Título Don Jaime I y el obispo de Girona
Resto del título : leyenda tradicional /
Mención de responsabilidad, etc. por Pio de la Sota.
260 ## - PUBLICACIÓN, DISTRIBUCIÓN, ETC.
Lugar de publicación, distribución, etc. Madrid :
Nombre del editor, distribuidor, etc. [s.n.],
Fecha de publicación, distribución, etc. 1855 (
Fabricante Establecimiento tipográfico de Mellado)
300 ## - DESCRIPCIÓN FÍSICA
Extensión 66 p. ;
Dimensiones 19 cm.
490 1# - MENCIÓN DE SERIE
Mención de serie Mil y una novelas
752 ## - ENTRADA AGREGADA--NOMBRE JERÁRQUICO DEL LUGAR
País o entidad superior España -
Ciudad Madrid
830 0# - PUNTO DE ACCESO ADICIONAL DE SERIE-TÍTULO UNIFORME
Título uniforme Mil y una novelas
9 (RLIN) 188557
852 ## - LOCALIZACIÓN
Ubicación ES-MaACL
Número de control de estantería D-3742(2)
Nota libre -- Enc. cartón
-- -- Legado M. de la Fuente
Holdings
Estatus retirado Estado de pérdida Estado de daño No para préstamo Colección Biblioteca de origen Biblioteca actual Ubicación en estantería Fecha de adquisición Fuente de adquisición Total de préstamos Signatura topográfica completa Código de barras Visto por última vez Precio de reemplazo Tipo de ítem Koha
        Libros del s. XIX Biblioteca del Ateneo de Madrid Biblioteca del Ateneo de Madrid Sala Valle Inclán 17/01/2008     D-3742(2) 901173651 23/02/2023 23/02/2023 Libro impreso antiguo